zpět

Detail výsledku týmu

Rockle Klub, České Budějovice

Datum a čas kvízu

26.5 Celkem bodů Celkový počet nahraných bodů na tomto kvízu bez doplňovacích otázek.
4. Pořadí na kvízu Konečné umístění týmu na tomto kvízu.

Zaznamenané odpovědi

# Otázka Odpověď Body Výsledky
1. Minulý týden se publicista a ř... kvůli alkoholu 0
2. Oblíbená turistická atrakce, 6... v Krakově 0
3. Ministerstvo kultury učinilo d... C) česká pivní kultura 0
4. Jak se nazývá zvířecí znamení... had 1
5. Minulý týden proběhl v estonsk... v krasobruslení 0
6. Začneme největšími společnými... (Vše)sokolský slet, Spartakiáda 1
7. Tento taneční fitness program... zumba 1
8. Tato cvičební metoda se snaží... Pilates 1
9. Bikram jóga je speciální druh... C) cvičí se v sále vyhřátém na 42 °C 1
10. Jak se jmenuje tato 55letá žen... Olga Studničková (Šípková) 1